=LDR 00000nam 2200000 4500 =001 INLIS000000000011363 =005 20130612102932 =008 ***********************************Ind** =035 ##$$0010-061300000011363 =041 ##$$a Ind =082 ##$$a 320.17 =090 ##$$a 320.17, Sot m =100 ##$$a De Soto, Hernando =260 ##$$a 21 cm $b XXXVII =650 ##$$a Negara Sedang Berkembang =850 ##$$a NBPNMAT